| 000 | 00730nam a22001937a 4500 | ||
|---|---|---|---|
| 999 |
_c177844 _d177844 |
||
| 005 | 20210308121954.0 | ||
| 010 | _aUR-11049 | ||
| 020 |
_c300.00 _a9789390100224 |
||
| 035 | _aU-9604 | ||
| 037 | _bDBAD/PUB | ||
| 082 | _a840.08 | ||
| 100 | _aمحمد عبد ا لنعيم | ||
| 245 |
_aقطب سر شا ر بہ حثيت شا عر نقا د و متر جم _cمحمد عبد ا لنعيم |
||
| 246 |
_bdr. Qutub Sarshar Bahaisiat -e-Shayer,Naqaqad-o-Mutarajim (Urdu) _aby Mohd. Abdul Nayeem |
||
| 260 |
_aDelhi _c2020 ء _bEducational Publishing House |
||
| 270 |
_aB.O. 3191,Vakil Street, Kucha Pandit,Lal Kuan, _bDelhi _e110006 _l- |
||
| 300 |
_a267ص _c22 Cm(Hb) |
||
| 942 |
_2ddc _cUR _h840.08 _mم ح م |
||